000 005310000a22001570004500
003 MACL
005 20180111133833.0
008 180111b xxu||||| |||| 00| 0 eng d
040 _cMACL
100 _aजाकिर अली रजनीश
_919927
245 _aइक्‍कीसवी सदी की बाल कहानियां
260 _bविभाेर प्रकाशन
_c2000
_aइलाहाबाद
350 _a225
650 _aचिल्‍ड्रन
_970031
942 _cHIN
_k741.642
_2ddc
999 _c9970
_d9970